| 000 | 00829nam a2200205 i 4500 | ||
|---|---|---|---|
| 001 | 165879 | ||
| 003 | ES-MaACL | ||
| 005 | 20251014063242.0 | ||
| 008 | 960520s1846 sp af |||| | spa d | ||
| 100 | 1 |
_aSue, Eugène, _d1804-1857 _9132950 |
|
| 245 | 1 | 0 |
_aMatilde o Memorias de una joven / _cpor E. Sue. |
| 250 |
_aNueva ed. _brev. por el autor y traducida al castellano por J. Manuel Tenorio. |
||
| 260 |
_aMadrid : _b[s.n.], _c1846 ( _fEstab. tip. de F. de P. Mellado) |
||
| 300 |
_a3 v. (470, [19] h. de lám.; 472 p., [20] h. de lám.; 512 p., [18] h. de lám.] : _bil. ; _c17 cm. |
||
| 490 | 1 |
_aBiblioteca popular ; _v460, 490, 520 |
|
| 700 | 1 |
_aTenorio, J. Manuel. _9133176 |
|
| 830 | 0 |
_aBiblioteca popular ; _v460, 490, 520 _9181768 |
|
| 852 |
_aES-MaACL _jD-1608-10 _z- Enc. hol. |
||
| 999 |
_c165879 _d165879 |
||